000 00426nam a2200181Ia 4500
005 20240823010750.0
008 240823s9999||||xx |||||||||||||| ||und||
041 _aENGLISH
082 _A`005.133 P0
100 _a"Baartse,Mark [et al]"
245 0 _aProfessional ASP XML
250 _a1st
260 _c2000
_b"SPD,Mumbai"
500 _aTRANSFERED
650 _aASP
_bComputer Science
942 _cBK
999 _c159586
_d159586